Một số vấn đề về phương pháp tính và sử dụng chỉ số giá iêu dùng (CPI) ở nước ta hiện nay /
Сохранить в:
| Главный автор: | |
|---|---|
| Формат: | Статья |
| Язык: | Vietnamese |
| Предметы: | |
| Метки: |
Добавить метку
Нет меток, Требуется 1-ая метка записи!
|
| Thư viện lưu trữ: | Thư viện Trường Đại học Đà Lạt |
|---|
| LEADER | 00814nam a2200265 4500 | ||
|---|---|---|---|
| 001 | DLU110119905 | ||
| 005 | ##20110418 | ||
| 040 | # | # | |a DLU |b vie |
| 041 | # | # | |a vie |
| 044 | # | # | |a vn |
| 100 | # | # | |a Nguyễn Đức Thắng. |
| 245 | # | # | |a Một số vấn đề về phương pháp tính và sử dụng chỉ số giá iêu dùng (CPI) ở nước ta hiện nay / |c Nguyễn Đức Thắng. |
| 653 | # | # | |a Giá cả |
| 653 | # | # | |a Hàng hóa |
| 653 | # | # | |a Tiêu dùng |
| 773 | # | # | |t Con số và sự kiện |g Số 8, 2008, tr. 28-30 |
| 920 | # | # | |a Phòng Tạp chí -- Trung tâm Thông tin - Thư viện Trường Đại học Đà Lạt |
| 994 | # | # | |a DLU |
| 900 | # | # | |a True |
| 911 | # | # | |a Nguyễn Thị Linh Chi |
| 925 | # | # | |a G |
| 926 | # | # | |a A |
| 927 | # | # | |a BB |
| 980 | # | # | |a Thư viện Trường Đại học Đà Lạt |